000 00452nam a2200193Ia 4500
005 20240823024535.0
008 240823s9999||||xx |||||||||||||| ||und||
020 _a81-318-0077-6
041 _aENGLISH
082 _A629.892 P9
100 _aRachid Manseur
245 0 _aRobot Modeling and kinematics
250 _a1st
260 _c2009
_bFirewall
_aNewDelhi
500 _aYES
650 _aRobot
_bMechanical
942 _cBK
999 _c184161
_d184161